Protección social inclusiva en América Latina: una mirada integral, un enfoque de derechos
Saved in:
| Hovedforfatter: | |
|---|---|
| Andre forfattere: | |
| Format: | Bog |
| Sprog: | spansk |
| Udgivet: |
Santiago
Naciones Unidas
2011
Santiago CEPAL 2011 |
| Fag: | |
| Tags: |
Tilføj Tag
Ingen Tags, Vær først til at tagge denne postø!
|
MARC
| LEADER | 00000nam a2200000 a 4500 | ||
|---|---|---|---|
| 001 | UCG6634 | ||
| 003 | CL-VaPUC | ||
| 008 | 110509e20110300cl |||||||||||||||||spa|d | ||
| 020 | |a 9789213234877 | ||
| 082 | 0 | 4 | |a 361.6 |b CEC |2 21 |
| 100 | 0 | |a Cecchini, Simone |e author |9 556936 | |
| 700 | |a Martínez Concha, Rodrigo |e autor |9 595842 | ||
| 245 | 1 | 0 | |a Protección social inclusiva en América Latina: una mirada integral, un enfoque de derechos |
| 300 | |a 277 p | ||
| 942 | |c BK | ||
| 945 | |d 20110509 00:00:00 |a jcampos | ||
| 260 | |a Santiago |b Naciones Unidas |c 2011 | ||
| 260 | |a Santiago |b CEPAL |c 2011 | ||
| 650 | 0 | |a Protección social |9 256186 | |
| 650 | 0 | |a Problemas sociales |9 258537 | |
| 650 | 0 | |a Servicio social |9 307999 | |
| 650 | 0 | |a Inclusión social |9 554639 | |
| 651 | 0 | |a América Latina |9 255027 | |
| 651 | 0 | |a El Caribe |9 341255 | |
| 583 | |a last modification |c 20171127 02:37:14 |k Rodrigo Vera | ||
| 999 | |c 344791 |d 344789 | ||
| 952 | |0 0 |1 0 |4 0 |6 361_600000000000000_CEC_2011_2011 |7 0 |8 A |9 442987 |a BIBGIM |b BIBGIM |d 2019-11-22 |i 4774302 |o 361.6 CEC 2011 2011 |p 4774302 |r 2025-01-15 |w 2019-11-22 |y BK |k SSL | ||